000 00284nam a2200109Ia 4500
008 191014s9999 xx 000 0 und d
082 _a510.2462
_bKRE
100 _aErwin Kreyszig
_913321
245 0 _aAdvanced Engineering Mathematics 9th Edition
300 _aXvii,1094
942 _cBK
999 _c531284
_d531284